Vyhliadka a vinárstvo, Pezinok
Uložené v:
| Hlavný autor: | |
|---|---|
| Ďalší autori: | |
| Médium: | Rukopis Kniha |
| Jazyk: | Slovak |
| Vydavateľské údaje: |
2024
|
| Predmet: | |
| On-line prístup: | http://is.stuba.sk/zp/portal_zp.pl?podrobnosti=161727 |
| Tagy: |
Žiadne tagy, Buďte prvý, kto otaguje tento záznam!
|
MARC
| LEADER | 00000ntm a22000003a 4500 | ||
|---|---|---|---|
| 001 | stuzp98857 | ||
| 003 | SK-STU | ||
| 005 | 20240615211245.2 | ||
| 007 | ta | ||
| 008 | 150427s2015----xo-----f-mn---000-0-slo-d | ||
| 040 | |a STU |b slo | ||
| 041 | 0 | |a slo | |
| 100 | 1 | |a Cisáriková, Tereza Laura |u 051110 |4 aut |U FAD Fakulta architektúry a dizajnu |T FAD Ústav architektúry obytných budov |X 109998 |U A1110 |Y 392 |7 109998 | |
| 242 | 0 | 1 | |a Lookout Point and Winery, Pezinok |y eng |
| 245 | 1 | 0 | |a Vyhliadka a vinárstvo, Pezinok |
| 260 | |c 2024 | ||
| 650 | 4 | |a vínne mestečko |2 slo | |
| 650 | 4 | |a príroda |2 slo | |
| 650 | 4 | |a súdržnosť |2 slo | |
| 650 | 4 | |a integrácia |2 slo | |
| 650 | 4 | |a zrkadlo |2 slo | |
| 650 | 4 | |a wine town |2 eng | |
| 650 | 4 | |a nature |2 eng | |
| 650 | 4 | |a integration |2 eng | |
| 650 | 4 | |a coherence |2 eng | |
| 650 | 4 | |a mirror |2 eng | |
| 700 | 1 | |a Kusý, Martin |u 051110 |k Z1 |4 ths |U FAD Fakulta architektúry a dizajnu |T FAD Ústav architektúry obytných budov |X 3763 |U A1110 |Y 392 |7 A000003763 | |
| 856 | 4 | |u http://is.stuba.sk/zp/portal_zp.pl?podrobnosti=161727 | |